| 000 | 01229cab a2200349 4500 | ||
|---|---|---|---|
| 001 | ABS50084 | ||
| 005 | 20260306093042.0 | ||
| 008 | 090401t1994 xxu| |||| 00| 0 eng eng d | ||
| 035 | _a(Sirsi) u74084 | ||
| 041 | _aeng | ||
| 245 | _aRain penetration problems associated with retro-fitted cavity insulation | ||
| 260 | _c12(2) Winter 1993/1994, 5-9(5) | ||
| 350 | _a0 | ||
| 490 |
_aStructural Survey _v12(2) Winter 1993/1994, 5-9(5) |
||
| 520 | _aA study was set up to find out, which factors contributing to rain penetration of insulated cavity wall, can be identified by a surveyor on a visual survey of a property. | ||
| 650 | _aBLOWN MINERAL FIBRE | ||
| 650 | _aBRICKWORK | ||
| 650 | _aBUILDING DEFECTS | ||
| 650 | _aCAUSES | ||
| 650 | _aCAVITY INSULATION | ||
| 650 | _aCAVITY WALLS | ||
| 650 | _aEXPANDED POLYSTYRENE BEADS | ||
| 650 | _aPOLYURETHANE FOAM | ||
| 650 | _aRAIN PENETRATION | ||
| 650 | _aUREA-FORMALDEHYDE FOAM | ||
| 650 | _aVISUAL SURVEYS | ||
| 650 | _aBUILT ENVIRONMENT-BUILDING ELEMENTS-COMPLETE BUILDING ELEMENTS-WALLS | ||
| 690 | _aBUILDING AND CONSTRUCTION-DEFECTS AND FAILURES | ||
| 690 | _aBUILT ENVIRONMENT-BUILDING INSPECTION | ||
| 942 |
_n0 _2ddc |
||
| 948 | _c04/03/1997 | ||
| 999 |
_c46766 _d46766 |
||